| 000 | 00396nam a2200157Ia 4500 | ||
|---|---|---|---|
| 008 | 220204s9999 xx 000 0 und d | ||
| 082 |
_a651(035) _bMIN |
||
| 245 | 0 | _aOffice administration handbook | |
| 250 | _aEd.6 | ||
| 260 |
_aNew Delhi _bUBSPD _c1993 |
||
| 650 | _aManpower planning | ||
| 650 | _aPersonal administration | ||
| 700 | _aFetridge, C W | ||
| 700 | _aMinor, R S | ||
| 942 | _cBK | ||
| 999 |
_c40455 _d40455 |
||